Capitales et pays par leur drapeau - Statistiques

Statistiques générales
  • Ce quiz a été pris 64 fois
  • Le résultat moyen est 240 sur 395
Statistiques - réponses
drapeau réponse % Correct
Inde
100%
Canada
96%
Panama
96%
Russie
96%
Bulgarie
94%
Colombie
94%
Tunisie
94%
Moscou
92%
Népal
92%
Grèce
90%
New Delhi
90%
Viêt Nam
90%
Algérie
88%
Hongrie
88%
Malaisie
88%
Ottawa
88%
Portugal
88%
Singapour
88%
Alger
86%
Cambodge
86%
Irak
86%
Jamaïque
86%
Lisbonne
86%
Tunis
86%
Uruguay
86%
Arabie Saoudite
84%
Athènes
84%
Chypre
84%
Corée du Sud
84%
France
84%
Kenya
84%
Norvège
84%
Royaume-Uni
84%
Suède
84%
Suisse
84%
Amsterdam
82%
Argentine
82%
Bogotá
82%
Croatie
82%
Dublin
82%
Irlande
82%
Londres
82%
Mali
82%
Monaco
82%
Monaco
82%
Paris
82%
Pays-Bas
82%
Sofia
82%
Sri Lanka
82%
Australie
80%
Budapest
80%
Géorgie
80%
Islande
80%
Luxembourg
80%
Malte
80%
Moldavie
80%
Oslo
80%
Qatar
80%
Stockholm
80%
Afrique du Sud
78%
Berne
78%
Buenos Aires
78%
Canberra
78%
Kazakhstan
78%
Luxembourg
78%
Macédoine du Nord
78%
Nigeria
78%
Panama
78%
République Tchèque
78%
Séoul
78%
Ukraine
78%
Venezuela
78%
Zagreb
78%
Belgique
76%
Maroc
76%
Singapour
76%
Thaïlande
76%
Vatican
76%
Vatican
76%
Bangladesh
75%
Biélorussie
75%
Botswana
75%
Côte d'Ivoire
75%
Égypte
75%
Finlande
75%
Monténégro
75%
Pakistan
75%
Albanie
73%
Bruxelles
73%
Corée du Nord
73%
Espagne
73%
États-Unis
73%
Guatemala
73%
Haïti
73%
Hanoï
73%
Italie
73%
Japon
73%
Kiev
73%
Liban
73%
Prague
73%
Serbie
73%
Seychelles
73%
Slovaquie
73%
Azerbaïdjan
71%
Bahamas
71%
Danemark
71%
Kingston
71%
La Valette
71%
Le Caire
71%
Madrid
71%
Mongolie
71%
Montevideo
71%
Paraguay
71%
Pologne
71%
Rabat
71%
Reykjavik
71%
Rome
71%
Tchad
71%
Tokyo
71%
Turquie
71%
Washington
71%
Angola
69%
Bangkok
69%
Bhoutan
69%
Brésil
69%
Cap-Vert
69%
Cuba
69%
Éthiopie
69%
Helsinki
69%
Indonésie
69%
Nouvelle-Zélande
69%
Ouzbékistan
69%
Palestine
69%
Philippines
69%
Slovénie
69%
Andorre
67%
Andorre-la-Vieille
67%
Bagdad
67%
Bahreïn
67%
Barbade
67%
Bénin
67%
Birmanie
67%
Brunei
67%
Katmandou
67%
Kuala Lumpur
67%
Lettonie
67%
Liechtenstein
67%
Nairobi
67%
Nicaragua
67%
Pérou
67%
Roumanie
67%
Saint-Marin
67%
Salvador
67%
Somalie
67%
Syrie
67%
Varsovie
67%
Afghanistan
65%
Allemagne
65%
Arménie
65%
Burundi
65%
Caracas
65%
Chine
65%
Copenhague
65%
Costa Rica
65%
Doha
65%
Émirats Arabes Unis
65%
Érythrée
65%
Fidji
65%
Iran
65%
Laos
65%
Liberia
65%
Mexique
65%
Ouganda
65%
Palaos
65%
Papouasie-Nouvelle-Guinée
65%
République Dominicaine
65%
Sénégal
65%
Autriche
63%
Belize
63%
Berlin
63%
Brasilia
63%
Bucarest
63%
Cameroun
63%
Chili
63%
Comores
63%
Estonie
63%
Guatemala
63%
Honduras
63%
Koweït
63%
Lesotho
63%
Lituanie
63%
Madagascar
63%
Mexico
63%
Nicosie
63%
Niger
63%
Phnom Penh
63%
République Démocratique du Congo
63%
Riyad
63%
Sierra Leone
63%
Soudan
63%
Timor Oriental
63%
Bamako
61%
Beyrouth
61%
Bosnie-Herzégovine
61%
Chișinău
61%
Équateur
61%
Jakarta
61%
Lima
61%
Mauritanie
61%
Minsk
61%
Pékin
61%
Pyongyang
61%
République Centrafricaine
61%
Skopje
61%
Suriname
61%
Tanzanie
61%
Tbilissi
61%
Tuvalu
61%
Zambie
61%
Ankara
59%
Belgrade
59%
Bolivie
59%
Burkina Faso
59%
Damas
59%
États Fédérés de Micronésie
59%
Ghana
59%
Jordanie
59%
Malawi
59%
Maldives
59%
Namibie
59%
Nauru
59%
Port-au-Prince
59%
Saint-Marin
59%
Saint-Vincent-et-les-Grenadines
59%
Yémen
59%
Zimbabwe
59%
Gabon
57%
Grenade
57%
Guinée
57%
Guinée-Bissau
57%
Guyana
57%
Îles Marshall
57%
La Havane
57%
Libye
57%
Riga
57%
Sainte-Lucie
57%
Tadjikistan
57%
Tirana
57%
Togo
57%
Trinité-et-Tobago
57%
Turkménistan
57%
Vanuatu
57%
Vienne
57%
Asunción
55%
Bratislava
55%
Djibouti
55%
Eswatini
55%
Islamabad
55%
Kiribati
55%
Maurice
55%
Mozambique
55%
Oulan-Bator
55%
Podgorica
55%
Pretoria
55%
République du Congo
55%
Santiago
55%
Sarajevo
55%
Antigua-et-Barbuda
53%
Astana
53%
Dominique
53%
Îles Salomon
53%
Kirghizistan
53%
Koweït
53%
Ljubljana
53%
Oman
53%
Rwanda
53%
Saint-Christophe-et-Niévès
53%
Soudan du Sud
53%
Téhéran
53%
Wellington
53%
Abou Dabi
51%
Bakou
51%
Dacca
51%
Dakar
51%
Gambie
51%
Kinshasa
51%
Nassau
51%
Ndjamena
51%
Samoa
51%
San Salvador
51%
Sucre
51%
Tonga
51%
Vaduz
51%
Vilnius
51%
Abuja
49%
Djibouti
49%
Guinée Équatoriale
49%
La Paz
49%
Manille
49%
Quito
49%
Saint-Domingue
49%
Sao Tomé-et-Principe
49%
Tallinn
49%
Victoria
49%
Addis-Abeba
47%
Bissau
47%
Erevan
47%
Freetown
47%
Gaborone
47%
Kaboul
47%
Le Cap
47%
Tripoli
47%
Yamoussoukro
47%
Yaoundé
47%
Amman
45%
Brazzaville
45%
Dili
45%
Luanda
45%
Malé
45%
Porto-Novo
45%
Sanaa
45%
Sri Jayawardenapura Kotte
45%
Antananarivo
43%
Bandar Seri Begawan
43%
Bloemfontein
43%
Conakry
43%
Georgetown
43%
Khartoum
43%
Niamey
43%
Port-Louis
43%
San José
43%
Windhoek
43%
Yaren
43%
Belmopan
41%
Lilongwe
41%
Managua
41%
Manama
41%
Ouagadougou
41%
Praia
41%
Sao Tomé
41%
Tegucigalpa
41%
Accra
39%
Asmara
39%
Bangui
39%
Funafuti
39%
Lusaka
39%
Naypyidaw
39%
Paramaribo
39%
Thimphou
39%
Vientiane
39%
Bridgetown
37%
Harare
37%
Libreville
37%
Lomé
37%
Maputo
37%
Monrovia
37%
Moroni
37%
Port-Vila
37%
Tachkent
37%
Basseterre
35%
Bichkek
35%
Castries
35%
Dodoma
35%
Douchanbé
35%
Gitega
35%
Kigali
35%
Kingstown
35%
Mascate
35%
Maseru
35%
Mbabane
35%
Nouakchott
35%
Port-d'Espagne
35%
Port Moresby
35%
Saint George's
35%
Suva
35%
Achgabat
33%
Banjul
33%
Djouba
33%
Kampala
33%
Majuro
33%
Mogadiscio
33%
Roseau
33%
Saint John's
33%
Tarawa-Sud
31%
Ciudad de la Paz
29%
Ngerulmud
29%
Palikir
29%
Apia
27%
Nukuʻalofa
27%
Honiara
25%
Jérusalem-Est
22%
Kosovo
14%
Taïwan
14%
Pristina
12%
Taipei
12%
Aucun quiz correspondant
Distribution des résultats
% des personnes avec chaque résultat
Percentile par nombre de réponses
Votre historique - résultats
Vous n’avez pas pris ce quiz